مكتبة جامعة عجلون الوطنية

فهرس بحث المكتبة

مرصد التعددية الدينية في لبنان والمجتمعات العربية: وقائع الندوة التي عقدت في كلية العلوم الدينية/ جامعة القديس يوسف: "الماستر في العلاقات الاسلامية المسيحية في 24و25 تشرين الاول 2009 (Record no. 22428)

MARC details
000 -LEADER
fixed length control field 01072nam a2200205Ii 4500
003 - CONTROL NUMBER IDENTIFIER
control field JO-AjNU
008 - FIXED-LENGTH DATA ELEMENTS--GENERAL INFORMATION
fixed length control field 230605s9999||||xx |||||||||||||| ||und||
040 ## - CATALOGING SOURCE
Original cataloging agency JO-AjNU
Language of cataloging ara
Description conventions rda
Transcribing agency JO-AjNU
041 ## - LANGUAGE CODE
Language code of text/sound track or separate title ara
050 14 - LIBRARY OF CONGRESS CALL NUMBER
Classification number DS87.5 2010
100 3# - MAIN ENTRY--PERSONAL NAME
Personal name اعداد مسرة، قيس، ربيع، اعداد عطالله، طوني,
Relator term author
9 (RLIN) 43807
245 00 - TITLE STATEMENT
Title مرصد التعددية الدينية في لبنان والمجتمعات العربية: وقائع الندوة التي عقدت في كلية العلوم الدينية/ جامعة القديس يوسف: "الماستر في العلاقات الاسلامية المسيحية في 24و25 تشرين الاول 2009
264 31 - PRODUCTION, PUBLICATION, DISTRIBUTION, MANUFACTURE, AND COPYRIGHT NOTICE
Place of production, publication, distribution, manufacture بيروت: جامعة القديس يوسف، 2009
300 ## - PHYSICAL DESCRIPTION
Extent 268ص
Other physical details صور فوتوغرافية
336 ## - CONTENT TYPE
Content type term text
Content type code txt
Source rdacontent
337 ## - MEDIA TYPE
Media type term unmediated
Media type code n
Source rdamedia
338 ## - CARRIER TYPE
Carrier type term volume
Carrier type code nc
Source rdacarrier
490 0# - SERIES STATEMENT
Series statement سلسلة " دراسات ووثائق اسلامية مسيخية" رقم؛ 11
650 #4 - SUBJECT ADDED ENTRY--TOPICAL TERM
Topical term or geographic name entry element طوائف دينية- لبنان
9 (RLIN) 43808
Holdings
Withdrawn status Lost status Source of classification or shelving scheme Damaged status Not for loan Home library Current library Shelving location Date acquired Total Checkouts Full call number Barcode Date last seen Price effective from Koha item type
    Library of Congress Classification     مكتبة جامعة عجلون الوطنية مكتبة جامعة عجلون الوطنية المجموعات العامة 06/06/2023   DS87.5 2010 A18860 06/06/2023 06/06/2023 Books